| 000 -ლიდერი |
| ფიქსირებული სიგრძის საკონტროლო ველი |
00690nam a2200205Ia 4500 |
| 001 - საკონტროლო ნომერი |
| საკონტროლო ველი |
6111 |
| 003 - საკონტროლო ნომრის იდენტიფიკატორი |
| საკონტროლო ველი |
GE_BSU |
| 005 - ბოლო ოპერაციის თარიღი და დრო |
| საკონტროლო ველი |
20190919144403.0 |
| 008 - ფიქსირებული სიგრძის მონაცემთა ელემენტები - ზოგადი ინფორმაცია |
| ფიქსირებული სიგრძის საკონტროლო ველი |
181216s1944||||ge |||||||||||||| ||geo|| |
| 040 ## - კატალოგიზაციის წყარო |
| Transcribing agency |
GE_BSU |
| 041 ## - ენის კოდი |
| Language code of text/sound track or separate title |
geo |
| 080 ## - უნივერსალური ათობითი კლასიფიკაციის ინდექსი |
| Universal Decimal Classification number |
821.353.1-1 ა-87 |
| 100 ## - მთავარი ჩანაწერი - პიროვნების სახელი |
| Personal name |
ასათიანი, ლადო |
| 9 (RLIN) |
4107 |
| 245 ## - ცნობა სათაურის შესახებ |
| Title |
ლექსები / |
| Statement of responsibility, etc |
ლადო ასათიანი ; რედ. ბ. ჟღენტი. |
| 264 ## - წარმოების, გამოცემის, დისტრიბუციის და სხვა ცნობები |
| გამოცემის, წარმოების, დისტრიბუციის... ადგილი |
თბილისი : |
| გამოცემის, წარმოების, დისტრიბუციის... სახელწოდება |
საბლიტგამი ; |
| გამოცემის, წარმოების, დისტრიბუციის... თარიღი |
1944. |
| 300 ## - ფიზიკური აღწერა |
| Extent |
80 გვ. ; |
| Dimensions |
20 სმ. |
| 653 ## - INDEX TERM--UNCONTROLLED |
| Uncontrolled term |
ლექსები |
| 700 ## - ADDED ENTRY--PERSONAL NAME |
| Personal name |
ჟღენტი, ბ. |
| Relator term |
რედაქტორი |
| 9 (RLIN) |
3779 |
| 942 ## - ADDED ENTRY ELEMENTS (KOHA) |
| Koha item type |
წიგნი |
| Source of classification or shelving scheme |
|